International economics / (Record no. 3864)

000 -LEADER
fixed length control field 00966cam a22002774a 4500
001 - CONTROL NUMBER
control field 16481125
003 - CONTROL NUMBER IDENTIFIER
control field Nust
005 - DATE AND TIME OF LATEST TRANSACTION
control field 20180117090018.0
008 - FIXED-LENGTH DATA ELEMENTS--GENERAL INFORMATION
fixed length control field 100928s2010 njuab b 001 0 eng
010 ## - LIBRARY OF CONGRESS CONTROL NUMBER
LC control number 2010483067
020 ## - INTERNATIONAL STANDARD BOOK NUMBER
International Standard Book Number 9780470388341 (hbk.)
040 ## - CATALOGING SOURCE
Original cataloging agency DLC
Transcribing agency DLC
050 00 - LIBRARY OF CONGRESS CALL NUMBER
Classification number HF1411
Item number .S239 2010
100 1# - MAIN ENTRY--PERSONAL NAME
Personal name Salvatore, Dominick.
245 10 - TITLE STATEMENT
Title International economics /
Statement of responsibility, etc. Dominick Salvatore.
Remainder of title trade and finance
250 ## - EDITION STATEMENT
Edition statement 10th ed.
260 ## - PUBLICATION, DISTRIBUTION, ETC.
Place of publication, distribution, etc. Hoboken, NJ :
Name of publisher, distributor, etc. Wiley,
Date of publication, distribution, etc. c2011.
300 ## - PHYSICAL DESCRIPTION
Extent xxxviii, 812 p. :
Other physical details ill., map ;
Dimensions 25 cm.
500 ## - GENERAL NOTE
General note Map on end pages.
504 ## - BIBLIOGRAPHY, ETC. NOTE
Bibliography, etc. note Includes bibliographical references and index.
650 #0 - SUBJECT ADDED ENTRY--TOPICAL TERM
Topical term or geographic name entry element International economic relations.
906 ## - LOCAL DATA ELEMENT F, LDF (RLIN)
a 7
b cbc
c orignew
d 3
e ncip
f 20
g y-gencatlg
942 ## - ADDED ENTRY ELEMENTS (KOHA)
Source of classification or shelving scheme
Koha item type Book
Holdings
Withdrawn status Lost status Source of classification or shelving scheme Damaged status Not for loan Collection code Permanent Location Current Location Shelving location Date acquired Total Checkouts Total Renewals Full call number Barcode Date last seen Date last checked out Price effective from Koha item type
            Central Library (CL) Central Library (CL) General Stacks 12/13/2016 1 3 337 SAL S3H-S-250 12/13/2024 11/29/2024 12/13/2016 Book
© 2023 Central Library, National University of Sciences and Technology. All Rights Reserved.